| 000 | 00572nam a2200181 a 4500 | ||
|---|---|---|---|
| 001 | 12336 | ||
| 003 | CO-ViMGA | ||
| 008 | 141112s2004 ck r 000 u spa d | ||
| 040 |
_aCO-ViMGA _bspa _cCO-ViMGA |
||
| 082 | 0 | 4 | _a813.36 B35 |
| 100 | 1 |
_aMelville, Herman _917608 |
|
| 245 | 1 | 0 |
_aBenito Cereno : _bBilly Budd, Marinero |
| 260 |
_aBogotá : _bOvejaa Negra, _c1982 |
||
| 300 | _a200p. | ||
| 590 | _aForma de adquisición : DONACION - - Proveedor : RAFAEL SALAMANCA - - Fecha de adquisición : 31 - 01 - 2001 | ||
| 650 | 1 | 4 |
_aNOVELA ESTADOUNIDENSE _9761 |
| 942 |
_2ddc _cBK |
||
| 999 |
_c23346 _d23346 |
||